Geography Quiz

Random Geography or City Quiz

10 to 1: African Geography Quiz Stats

 Plays Quiz Updated Jan 8, 2018

Challenge
Share
Tweet
Embed
Score 0/55 Timer 06:00
27 Plays Today
% Correct
Algeria
92.3%
Democratic Republic of the Congo
92.1%
South Africa
90.7%
Arabic
90.3%
English
89.9%
French
89.5%
Swahili
87.5%
Libya
87.1%
Ethiopia
87%
Sudan
86.5%
Madagascar
86.1%
Kilimanjaro
85.6%
Chad
85.2%
Sahara
84.7%
Great Pyramid of Giza
84.6%
Seychelles
83.9%
Angola
83.7%
Lighthouse of Alexandria
82.6%
Niger
82.6%
São Tomé and Príncipe
82.5%
Alexandria
81.5%
Mauritius
80.8%
Cabo Verde
80%
Cape Town
79.4%
Comoros
77.9%
Casablanca
76.2%
Victoria
76.1%
Johannesburg
75.7%
% Correct
Amharic
75.5%
Kalahari
75.3%
Mali
73.5%
Pretoria
72.3%
Lagos
64.8%
Bloemfontein
64.6%
Durban
61.4%
Dar es Salaam
61.1%
Lesotho
58.6%
Igbo
54%
Namib
53.1%
Nubian
52.9%
Karisimbi
49.9%
Elgon
48.5%
Abidjan
48.3%
Nyiragongo
46.9%
Hausa
45.7%
Meru
44.8%
Yoruba
41.6%
Kalandula
39.8%
Stanley
39.5%
Toubkal
38.4%
Lumangwe
35.2%
Ruacana
34.6%
Ouzoud
31%
Oromo
28.8%
Kano
22.5%

You're not logged in!

Compare scores with friends on all Sporcle quizzes.
OR
Log In

You Might Also Like...

Show Comments

Extras

Top Quizzes Today


Score Distribution

Your Account Isn't Verified!

In order to create a playlist on Sporcle, you need to verify the email address you used during registration. Go to your Sporcle Settings to finish the process.

Report this User

Report this user for behavior that violates our Community Guidelines.

Details: